| 000 | 00481 a2200169 4500 | ||
|---|---|---|---|
| 003 | OSt | ||
| 005 | 20231215114450.0 | ||
| 008 | 231215b |||||||| |||| 00| 0 eng d | ||
| 020 | _a9788120351424 | ||
| 040 | _coclc | ||
| 082 |
_a621.381078 _bNAV/E |
||
| 100 |
_aNavas, K A _94556 |
||
| 245 |
_aElectronics lab manual : volume 1 / _cK A Navas |
||
| 260 |
_bPHI Learning, _c2022. |
||
| 300 | _a549p | ||
| 942 |
_2ddc _cBK _h621.381078 _iNAV/E _k621.381078 _mNAV/E |
||
| 999 |
_c44228 _d44228 |
||